| 000 | 01573nac a2200397 i 4500 | ||
|---|---|---|---|
| 003 | CO-PeBPM | ||
| 005 | 20251210171508.0 | ||
| 007 | ta | ||
| 008 | 231210t2023 ck a|||br|||| 00||j spa d | ||
| 020 | _a9786287672086 | ||
| 040 |
_aCO-PeBPM _bspa _erda _cCO-PeBPM |
||
| 041 | 1 |
_aspa _heng |
|
| 043 | _an-us--- | ||
| 082 | 0 | 4 | _a(i) 811 S634n |
| 100 | 1 | 0 |
_aSlobodkin, Louis, _d1903-1975 _eautor _eilustrador _9279626 |
| 245 | 1 | 0 |
_aNomi y sus queridos animales _c/ Ilustraciones y texto Louis Slobodkin ; traducción Virginia López-Ballesteros |
| 250 | _aEdición especial | ||
| 264 | 1 |
_aBogotá, Colombia _b: Ediciones Loqueleo _c, 2023 |
|
| 264 | 4 | _c©2023 | |
| 300 |
_a36 páginas _bilustraciones a color _c25 cm |
||
| 336 |
_atexto _btxt _2rdacontent |
||
| 337 |
_asin mediación _bn _2rdamedia |
||
| 338 |
_avolumen _bnc _2rdacarrier |
||
| 490 | _aPlan Nacional de Lectura, Escritura y Oralidad / Ministerio de Cultura | ||
| 521 | 1 | _aRecomendado para 0 a 7 años | |
| 534 | _tNomi and the Lovely animals | ||
| 650 | 1 | 7 |
_aCuentos infantiles estadounidenses _ySiglo XX _2ARMARC _91534 |
| 650 | 1 | 4 |
_aLiteratura infantil estadounidense _ySiglo XX _2LEMB _96137 |
| 650 | 1 | 4 |
_aPoesía infantil estadounidense _2LEMB |
| 650 | 1 | 4 |
_aAutores estadounidenses _2LEMB _9279627 |
| 650 | 1 | 4 |
_aAnimales en la literatura _2LEMB _9378 |
| 650 | 1 | 4 |
_aLiteratura infantil estadounidense _2LEMB |
| 700 | 1 | 4 |
_aLópez-Ballesteros, Virginia _etraductora _9279628 |
| 942 |
_2ddc _cLITA |
||
| 999 |
_c60317 _d60317 |
||